000 00549nam a22001937a 4500
005 20171101124909.0
010 _aENG-121028
020 _c975.00
_a9788181523259
035 _aEN-104560
037 _bDBAD/PUB
082 _a306.2
100 _aArora, Neha
245 _aPolitical sociology /
_cby Neha Arora
260 _aJaipur
_bBook Enclave
_c2013
270 _aF-11, S.S. Tower, Dhamani Street, Chaura Rasta
_bJaipur
_e302003
300 _av,263p.
_c22cm(Hb)
500 _aIncludes index
942 _2ddc
_cEN
_h306.2
_mARO
999 _c146768
_d146768